000 00328nam a2200121 4500
008 240222b |||||||| |||| 00| 0 eng d
022 _a13910582
245 _aLogos-Vol. 35, no. 1
246 _aWhy live in fear : Women speak out...
260 _aColombo :
_bCentre for society & Religion,
_c1996
300 _b86 p.
942 _cCR
999 _c4797
_d4797